<?xml version="1.0" encoding="UTF-8"?><?xml-stylesheet type="text/xsl" href="static/style.xsl"?><OAI-PMH xmlns="http://www.openarchives.org/OAI/2.0/" xmlns:xsi="http://www.w3.org/2001/XMLSchema-instance" xsi:schemaLocation="http://www.openarchives.org/OAI/2.0/ http://www.openarchives.org/OAI/2.0/OAI-PMH.xsd"><responseDate>2026-04-28T19:49:25Z</responseDate><request verb="GetRecord" identifier="oai:uvadoc.uva.es:10324/3073" metadataPrefix="marc">https://uvadoc.uva.es/oai/request</request><GetRecord><record><header><identifier>oai:uvadoc.uva.es:10324/3073</identifier><datestamp>2021-07-02T07:21:55Z</datestamp><setSpec>com_10324_1508</setSpec><setSpec>com_10324_894</setSpec><setSpec>col_10324_2924</setSpec></header><metadata><record xmlns="http://www.loc.gov/MARC21/slim" xmlns:doc="http://www.lyncode.com/xoai" xmlns:xsi="http://www.w3.org/2001/XMLSchema-instance" xmlns:dcterms="http://purl.org/dc/terms/" xsi:schemaLocation="http://www.loc.gov/MARC21/slim http://www.loc.gov/standards/marcxml/schema/MARC21slim.xsd">
<leader>00925njm 22002777a 4500</leader>
<datafield tag="042" ind1=" " ind2=" ">
<subfield code="a">dc</subfield>
</datafield>
<datafield tag="720" ind1=" " ind2=" ">
<subfield code="a">Bermejo Berros, Jesús</subfield>
<subfield code="e">author</subfield>
</datafield>
<datafield tag="720" ind1=" " ind2=" ">
<subfield code="a">López Díez, Jaime</subfield>
<subfield code="e">author</subfield>
</datafield>
<datafield tag="260" ind1=" " ind2=" ">
<subfield code="c">2013</subfield>
</datafield>
<datafield tag="520" ind1=" " ind2=" ">
<subfield code="a">El estudio del relato ha sido abordado desde numerosas disciplinas y metodologías&#xd;
diversas. Para el avance en su conocimiento se requiere un proceso de integración de&#xd;
aquellas aportaciones que han indagado su estructura, forma y funciones con aquellas&#xd;
que se han interesado por los procesos cognitivos, emocionales y psicosociales de&#xd;
recepción. Tras acumular significativos avances en el conocimiento de los procesos&#xd;
cognitivos, el estudio de las emociones ha tenido un importante desarrollo en los&#xd;
últimos años. Sin embargo, la emoción de sorpresa es una de las menos estudiadas. Se&#xd;
presente una investigación sobre la emoción de sorpresa en el texto narrativo en la&#xd;
que se ha utilizado una metodología de triangulación que ha integrado tres&#xd;
perspectivas disciplinares: la narratología, la psicología cognitiva y la psicofisiología.&#xd;
Los resultados, que han llevado a introducir la distinción entre sorpresa diegética y&#xd;
extradiegética, muestran el interés de utilizar estas metodologías de triangulación.</subfield>
</datafield>
<datafield tag="024" ind2=" " ind1="8">
<subfield code="a">2º Congreso Nacional sobre Metodología de la Investigación en Comunicación. Coordinadores Marta Pacheco Rueda, Miguel Vicente Mariño y Tecla González Hortigüela. Valladolid: Facultad de Ciencias Sociales, Jurídicas y de la Comunicación, 2013, p. 1035-1054</subfield>
</datafield>
<datafield tag="024" ind2=" " ind1="8">
<subfield code="a">978‐84‐616‐4124‐6</subfield>
</datafield>
<datafield tag="024" ind2=" " ind1="8">
<subfield code="a">http://uvadoc.uva.es/handle/10324/3073</subfield>
</datafield>
<datafield ind1=" " ind2=" " tag="653">
<subfield code="a">Psicología cognitiva</subfield>
</datafield>
<datafield ind1=" " ind2=" " tag="653">
<subfield code="a">Publicidad-Aspecto psicológico</subfield>
</datafield>
<datafield tag="245" ind1="0" ind2="0">
<subfield code="a">Estudio de los efectos psicofisiológicos, cognitivos y emocionales de la sorpresa audiovisual publicitaria mediante triangulación metodológica</subfield>
</datafield>
</record></metadata></record></GetRecord></OAI-PMH>